[Event "POL-chT4 Kujawsko-Pomorskie 1617"]
[Site "Poland"]
[Date "2016.11.27"]
[Round "3.9"]
[White "Waszewski, Sebastian"]
[Black "Napierala, Jakub"]
[Result "1-0"]
[WhiteElo "1248"]
[BlackElo "1324"]
[PlyCount "33"]
[EventDate "2016.11.06"]
[EventType "team-tourn"]
[EventRounds "11"]
[EventCountry "POL"]
[SourceTitle "EXT 2019"]
[Source "ChessBase"]
[SourceDate "2018.10.10"]
[SourceVersion "1"]
[SourceVersionDate "2018.10.10"]
[SourceQuality "1"]

1. e4 e5 2. Nf3 Nc6 3. Bb5 Nf6 4. Nc3 a6 5. Bxc6 dxc6 6. h3 Bc5 7. d3 h6 8. 0-0 Bd4 9. Ne2 Qd6 10. Nexd4 exd4 11. e5 Qd5 12. exf6 gxf6 13. Qe2+ Be6 14. Qe4 Qh5 15. Nxd4 Kd7 16. Nxe6 fxe6 17. Re1 1-0